000 00745cam a2200265M 4500
001 37716
005 20230410142343.0
008 890817s1960 mx 000 0 spa d
035 _a(OCoLC)ocm20194053
040 _aCNE
_cCNE
_dOCL
_dOCLCQ
035 _a(OCoLC)20194053
043 _ae-sp---
049 _aGRAL
050 1 4 _aBX 1735
_bT931i 1960
100 1 _aTurberville, Arthur Stanley,
_d1888-1945.
245 1 3 _aLa Inquisició́n española /
_cpor A. S. Turberville.
250 _a4a ed. en español
260 _aMéxico :
_bFondo de Cultura Económica,
_cc1960.
300 _a153 p.
440 0 _aBreviarios ;
_v2
650 0 _aInquisition
_zSpain.
650 4 _aInquisición
_zEspaña
942 _2lcc
_cbk
994 _aC0
_bDRFGD
999 _c94133
_d94133